Southville International School and Colleges
Your cart is empty.
  • Cart
  • Lists
    Public lists Eva Luna New books Lux_list list_1
    Your lists Log in to create your own lists
  • Log in to your account
  • Your cookies
  • Search history
Southville International School and Colleges
  • Advanced search
  • Recent comments
  • Most popular
  • Libraries

Log in to your account

Log in with GOOGLE


If you do not have an external account, but do have a local account, you can still log in:

  1. Home
  2. MARC view: Making sense of world history :
Normal view MARC view ISBD view

Making sense of world history : (Record no. 9574)

[ view plain ]
MARC details
000 -LEADER
fixed length control field 00586nam a22001937a 4500
003 - CONTROL NUMBER IDENTIFIER
control field OSt
005 - DATE AND TIME OF LATEST TRANSACTION
control field 20140310182123.0
008 - FIXED-LENGTH DATA ELEMENTS--GENERAL INFORMATION
fixed length control field 130828t xxu||||| |||| 00| 0 eng d
020 ## - INTERNATIONAL STANDARD BOOK NUMBER
International Standard Book Number 971569425x
050 ## - LIBRARY OF CONGRESS CALL NUMBER
Classification number CB 245
Item number .C822 2001
082 ## - DEWEY DECIMAL CLASSIFICATION NUMBER
Classification number HS 909
Item number C81 2001
100 ## - MAIN ENTRY--PERSONAL NAME
Personal name Coronado, Manolito B.
9 (RLIN) 14183
245 ## - TITLE STATEMENT
Title Making sense of world history :
Remainder of title tracing the path of western civilization /
Statement of responsibility, etc Manolito B. Coronado
260 ## - PUBLICATION, DISTRIBUTION, ETC. (IMPRINT)
Place of publication, distribution, etc Makati :
Name of publisher, distributor, etc The Bookmark,
Date of publication, distribution, etc c2001.
300 ## - PHYSICAL DESCRIPTION
Extent 450 p. :
Other physical details ill. ;
Dimensions 28 cm.
650 ## - SUBJECT ADDED ENTRY--TOPICAL TERM
Topical term or geographic name as entry element World history
9 (RLIN) 11096
942 ## - ADDED ENTRY ELEMENTS (KOHA)
Source of classification or shelving scheme Library of Congress Classification
Koha item type
Holdings
Withdrawn status Lost status Source of classification or shelving scheme Damaged status Home library Current library Shelving location Date acquired Total Checkouts Total Renewals Full call number Barcode Date last seen Date checked out Copy number Price effective from Koha item type
    Library of Congress Classification   Luxembourg Library Luxembourg Library High School Section 08/28/2013 3 3 CB 245 .C822 2001 17059 10/10/2017 06/21/2017 1 08/28/2013 Books

Making sense of world history :

APA

Coronado M. B., . (2001). Making sense of world history. Makati: The Bookmark.

Chicago

Coronado Manolito B, . 2001. Making sense of world history. Makati: The Bookmark.

Harvard

Coronado M. B., . (2001). Making sense of world history. Makati: The Bookmark.

MLA

Coronado Manolito B, . Making sense of world history. Makati: The Bookmark. 2001.

  • Place hold
  • Print
  • Cite
  • Add to your cart (remove)
  • Save record
    BIBTEX Dublin Core MARCXML MARC (non-Unicode/MARC-8) MARC (Unicode/UTF-8) MARC (Unicode/UTF-8, Standard) MODS (XML) RIS
  • More searches
    Search for this title in:
    Other Libraries (WorldCat) Other Databases (Google Scholar) Online Stores (Bookfinder.com) Open Library (openlibrary.org)

Exporting to Dublin Core...

SOUTHVILLE LIBRARY

Southville International School and Colleges Library

1281 Tropical Ave. Cor. Luxembourg St., BF Homes International, Las Pinas City

Tel. No. 8256374 / 252358 Loc. 117/146

Powered by Koha